Análisis de la nueva ley de matrimonio civil: referencias a las normas reglamentarias de la ley de matrimonio civil, decreto supremo 673. Comentarios a la ley 19.968, de tribunales de familia
Uloženo v:
| Hlavní autor: | |
|---|---|
| Médium: | Kniha |
| Jazyk: | španělština |
| Vydáno: |
Santiago
Metropolitana
2005
|
| Vydání: | 2a. ed |
| Témata: | |
| Tagy: |
Přidat tag
Žádné tagy, Buďte první, kdo vytvoří štítek k tomuto záznamu!
|
MARC
| LEADER | 00000nam a2200000 a 4500 | ||
|---|---|---|---|
| 001 | UCK7056 | ||
| 003 | CL-VaPUC | ||
| 008 | 051028e20050000CL |||||||||||||||||spa|d | ||
| 020 | |a 9562860485 | ||
| 082 | 0 | 4 | |a 346.83016 |b ORR |2 21 |
| 100 | |a Orrego Acuña, Juan Andrés |e autor |9 482626 | ||
| 245 | 1 | 0 | |a Análisis de la nueva ley de matrimonio civil: referencias a las normas reglamentarias de la ley de matrimonio civil, decreto supremo 673. Comentarios a la ley 19.968, de tribunales de familia |
| 250 | |a 2a. ed | ||
| 300 | |a 250 p | ||
| 942 | |c BK | ||
| 945 | |d 20051028 00:00:00 |a jcarroza | ||
| 260 | |a Santiago |b Metropolitana |c 2005 | ||
| 650 | 7 | |a MATRIMONIO |2 CL-VaPUC |9 496525 | |
| 650 | 0 | |a Contrato matrimonial |9 352988 | |
| 650 | 0 | |a Jurisprudencia |9 255952 | |
| 650 | 7 | |a DERECHO AL MATRIMONIO |2 CL-VaPUC |9 368193 | |
| 650 | 7 | |a DISOLUCION DEL MATRIMONIO |2 CL-VaPUC |9 335077 | |
| 583 | |a last modification |c 20051028 00:00:00 |k Rodrigo Vera | ||
| 999 | |c 315149 |d 315147 | ||
| 952 | |0 0 |1 0 |4 0 |6 346_830160000000000_ORR_2005 |7 0 |8 A |9 388108 |a BIBDER |b BIBDER |d 2019-11-22 |i 4179331 |o 346.83016 ORR 2005 |p 4179331 |r 2023-01-25 |w 2019-11-22 |y BK |k DER | ||